[Event "SVM_Regionalliga_2023-24"]
[Site "?"]
[Date "2024.02.04"]
[Round "7.6"]
[White "Möws, Thomas"]
[Black "Hennicken, Reinhard"]
[Result "1/2-1/2"]
[WhiteElo "1759"]
[BlackElo "1952"]
[PlyCount "111"]
[EventDate "2024.02.04"]
[WhiteTeam "SK Troisdorf 1"]
[BlackTeam "DJK Aufwärts Aachen 1"]

1. d4 d5 2. Nf3 Nf6 3. e3 Bg4 4. Bd3 Nbd7 5. h3 Bxf3 6. Qxf3 e5 7. Qe2 Bd6 8.
c3 O-O 9. O-O e4 10. Bc2 c6 11. c4 Rc8 12. Nc3 Bb8 13. Bb3 Qc7 14. g3 dxc4 15.
Bxc4 b5 16. Bb3 a6 17. a3 h5 18. Bd2 h4 19. Bc2 Rfe8 20. Be1 c5 21. Rc1 c4 22.
Kg2 Nb6 23. f4 hxg3 24. Bxg3 Nbd5 25. Nxd5 Nxd5 26. Rce1 a5 27. Qh5 Qd7 28. Qg4
f5 29. Qd1 Qd6 30. Bh4 Nxe3+ 31. Rxe3 Ba7 32. Re2 e3 33. d5 Rc5 34. Bxf5 Rxd5
35. Qc2 Rd3 36. Bg4 Rf8 37. a4 Qd5+ 38. Bf3 Qc5 39. axb5 Qxb5 40. Be4 Re8 41.
Bg6 Qc6+ 42. Kh2 Qxg6 43. Qxc4+ Kh8 44. Rg1 Qe4 45. Qf7 Bd4 46. Rg5 Re6 47.
Rh5+ Rh6 48. Rxh6+ gxh6 49. Bf6+ Bxf6 50. Qxf6+ Kh7 51. Rg2 Rd7 52. Qf8 Qe6 53.
Qc5 Rg7 54. Qc2+ Kg8 55. Rxg7+ Kxg7 56. Qc7+ 1/2-1/2

[Event "SVM_Regionalliga_2023-24"]
[Site "?"]
[Date "2024.02.04"]
[Round "7.7"]
[White "Mossakowski, Gustaf"]
[Black "Bartl, Dirk"]
[Result "1/2-1/2"]
[WhiteElo "1781"]
[BlackElo "1783"]
[PlyCount "58"]
[EventDate "2024.02.04"]
[WhiteTeam "DJK Aufwärts Aachen 1"]
[BlackTeam "SK Troisdorf 1"]

1. e4 e6 2. d4 d5 3. Nc3 Bb4 4. a3 Bxc3+ 5. bxc3 Ne7 6. Bd3 c5 7. e5 Qa5 8. Bd2
c4 9. Be2 Bd7 10. f4 Ba4 11. Nf3 Nbc6 12. O-O h6 13. Nh4 g6 14. g4 O-O-O 15.
Ng2 h5 16. h3 hxg4 17. hxg4 Rh3 18. Kf2 Rdh8 19. Rg1 Rh2 20. Be1 b5 21. Qd2 Qb6
22. Kf1 R8h3 23. Bf2 Qd8 24. Rb1 a6 25. Rb2 Qh8 26. Ne1 Rh1 27. Nf3 Rxg1+ 28.
Nxg1 Rh1 29. Bf3 Rh2 1/2-1/2

[Event "SVM_Regionalliga_2023-24"]
[Site "?"]
[Date "2024.02.04"]
[Round "7.8"]
[White "Sejdini, Valentin"]
[Black "Dönitz, Julian"]
[Result "1/2-1/2"]
[WhiteElo "1750"]
[BlackElo "1649"]
[PlyCount "60"]
[EventDate "2024.02.04"]
[WhiteTeam "SK Troisdorf 1"]
[BlackTeam "DJK Aufwärts Aachen 1"]

1. f4 g6 2. Nf3 Bg7 3. e3 d6 4. Bc4 Nf6 5. O-O O-O 6. Nc3 c6 7. d3 Bg4 8. Qe1
a5 9. a4 Nfd7 10. Ng5 d5 11. h3 dxc4 12. hxg4 cxd3 13. cxd3 e5 14. Qh4 h6 15.
Nce4 Nf6 16. Qh3 exf4 17. Rxf4 Nxe4 18. Nxe4 Qxd3 19. g5 h5 20. g4 Qd1+ 21. Kf2
Be5 22. Nf6+ Bxf6 23. gxf6 hxg4 24. Qh6 g3+ 25. Kxg3 Qg1+ 26. Kf3 Qf1+ 27. Kg4
Qg2+ 28. Kh4 Qh2+ 29. Kg5 Qg3+ 30. Rg4 Qe5+ 1/2-1/2

[Event "SVM_Regionalliga_2023-24"]
[Site "?"]
[Date "2024.02.04"]
[Round "7.1"]
[White "Gerdau, Andreas"]
[Black "Borriss, Martin"]
[Result "0-1"]
[WhiteElo "1896"]
[BlackElo "2391"]
[PlyCount "112"]
[EventDate "2024.02.04"]
[WhiteTeam "SG Kalker/Deutzer 1"]
[BlackTeam "SG Siebengebirge 1"]

1. e4 c5 2. c3 d5 3. exd5 Qxd5 4. d4 Nc6 5. Nf3 Nf6 6. Be2 cxd4 7. cxd4 e6 8.
Nc3 Qd6 9. a3 Be7 10. O-O O-O 11. h3 a6 12. Be3 b5 13. Qd2 Bb7 14. Bf4 Qd8 15.
b4 Nd5 16. Bg3 Nxc3 17. Qxc3 Bf6 18. Rfd1 Rc8 19. Qe3 Ne7 20. Bd3 Nd5 21. Qe4
g6 22. Ne5 Ba8 23. Rdc1 Rxc1+ 24. Rxc1 Nxb4 25. Qe3 Nxd3 26. Qxd3 Qd5 27. f3
Rd8 28. Rd1 Bb7 29. Kh2 Bg7 30. Qe3 f6 31. Ng4 g5 32. Qc3 Rc8 33. Qd2 Qb3 34.
Rc1 Qxa3 35. Rxc8+ Bxc8 36. Qc2 Bd7 37. Qc7 Qe7 38. Bd6 Qe8 39. Qb6 Qc8 40. Bc5
Bc6 41. Nf2 Qb7 42. Qd8+ Kf7 43. Nd3 Qd7 44. Qb6 Bb7 45. Nb4 Qc8 46. Nd3 h5 47.
h4 g4 48. Nf4 gxf3 49. gxf3 Bxf3 50. Kg3 e5 51. Kxf3 Qg4+ 52. Ke3 Qxf4+ 53. Kd3
exd4 54. Bxd4 Qf1+ 55. Kc2 Qc4+ 56. Kb2 Qxd4+ 0-1

[Event "SVM_Regionalliga_2023-24"]
[Site "?"]
[Date "2024.02.04"]
[Round "7.2"]
[White "Richter, Dirk"]
[Black "Schwark, Mario"]
[Result "1-0"]
[WhiteElo "2052"]
[BlackElo "1847"]
[PlyCount "85"]
[EventDate "2024.02.04"]
[WhiteTeam "SG Siebengebirge 1"]
[BlackTeam "SG Kalker/Deutzer 1"]

1. c4 Nf6 2. Nc3 d5 3. cxd5 Nxd5 4. g3 e6 5. Bg2 Nc6 6. Nf3 Be7 7. O-O O-O 8.
d4 Rb8 9. a3 Nxc3 10. bxc3 Na5 11. a4 b6 12. Qc2 Ba6 13. Rd1 Bc4 14. Rb1 f6 15.
e4 Qe8 16. Nd2 Ba6 17. Qa2 Bd6 18. Bh3 f5 19. Re1 Qf7 20. f4 Kh8 21. Bb2 c5 22.
exf5 exf5 23. Qxf7 Rxf7 24. Ba3 Bd3 25. Rb2 Rd8 26. dxc5 Bxc5+ 27. Bxc5 bxc5
28. Re5 g6 29. Bg2 Rc7 30. Bd5 c4 31. Rb5 Nb3 32. Nxb3 cxb3 33. Rxb3 Bc2 34.
Ra3 Rc5 35. c4 Ra5 36. Re7 Bxa4 37. Bc6 Rd1+ 38. Kf2 Rd2+ 39. Ke3 Rd1 40. Re8+
Kg7 41. Rxa4 Rc5 42. Rxa7+ Kh6 43. Ke2 1-0

[Event "SVM_Regionalliga_2023-24"]
[Site "?"]
[Date "2024.02.04"]
[Round "7.3"]
[White "Arlt, Klaus"]
[Black "Borriss, Benjamin"]
[Result "1/2-1/2"]
[WhiteElo "1923"]
[BlackElo "1881"]
[PlyCount "110"]
[EventDate "2024.02.04"]
[WhiteTeam "SG Kalker/Deutzer 1"]
[BlackTeam "SG Siebengebirge 1"]

1. c4 Nf6 2. Nc3 e6 3. e4 d5 4. e5 d4 5. exf6 dxc3 6. bxc3 Qxf6 7. Nf3 b6 8. d4
Bb7 9. Be2 h6 10. Be3 Be7 11. O-O Nd7 12. Qa4 c6 13. d5 exd5 14. cxd5 O-O 15.
Qg4 Rfd8 16. Bd4 Qg6 17. Qxg6 fxg6 18. dxc6 Bxc6 19. Bc4+ Kh7 20. Rfe1 Bc5 21.
Bxc5 Nxc5 22. Ne5 Bd5 23. Bxd5 Rxd5 24. Nf3 Rad8 25. h3 Na4 26. c4 Rc5 27. Re7
a5 28. Ne5 Nb2 29. Nd7 Rc6 30. Ne5 Rf6 31. Nd7 Rd6 32. Ne5 Rd1+ 33. Rxd1 Rxd1+
34. Kh2 Re1 35. Nxg6 Rxe7 36. Nxe7 Nxc4 37. Nc6 Kg6 38. g4 Kf6 39. f4 Ke6 40.
Nd4+ Kd5 41. Nf5 b5 42. Nxg7 b4 43. g5 hxg5 44. fxg5 a4 45. Ne8 b3 46. g6 Ke6
47. axb3 axb3 48. g7 Kf7 49. g8=Q+ Kxg8 50. Nf6+ Kf7 51. Ne4 b2 52. Nc3 Na3 53.
Kg3 Kf6 54. Kf4 Ke6 55. h4 Kf6 1/2-1/2

[Event "SVM_Regionalliga_2023-24"]
[Site "?"]
[Date "2024.02.04"]
[Round "7.4"]
[White "Wambach, Patrick"]
[Black "Tbaila, Ralph"]
[Result "1/2-1/2"]
[WhiteElo "1961"]
[BlackElo "1855"]
[PlyCount "78"]
[EventDate "2024.02.04"]
[WhiteTeam "SG Siebengebirge 1"]
[BlackTeam "SG Kalker/Deutzer 1"]

1. Nf3 Nf6 2. c4 c5 3. g3 g6 4. Bg2 Bg7 5. O-O O-O 6. Nc3 Nc6 7. a3 d6 8. Rb1
a5 9. d3 Bd7 10. Bd2 h6 11. Qc2 Qc7 12. Nd5 Nxd5 13. cxd5 Na7 14. Bc3 b5 15.
Bxg7 Kxg7 16. b4 axb4 17. axb4 Rfc8 18. Rfc1 Rab8 19. Nd4 Qb6 20. bxc5 dxc5 21.
Nb3 c4 22. dxc4 Rxc4 23. Qb2+ Kh7 24. Nd2 Rxc1+ 25. Rxc1 Rc8 26. Ra1 Rc7 27. e4
f6 28. e5 fxe5 29. Qxe5 Qd6 30. Qb2 Nc8 31. Ne4 Qb6 32. Ra8 Ra7 33. Rxa7 Qxa7
34. d6 Nxd6 35. Nxd6 exd6 36. Qf6 Bf5 37. Qxd6 h5 38. Bf1 Qb7 39. Qb4 Bd7
1/2-1/2

[Event "SVM_Regionalliga_2023-24"]
[Site "?"]
[Date "2024.02.04"]
[Round "7.5"]
[White "Asselborn, Jürgen"]
[Black "Schild, Willi"]
[Result "1/2-1/2"]
[WhiteElo "1859"]
[BlackElo "1857"]
[PlyCount "107"]
[EventDate "2024.02.04"]
[WhiteTeam "SG Kalker/Deutzer 1"]
[BlackTeam "SG Siebengebirge 1"]

1. Nf3 d5 2. g3 Nf6 3. Bg2 Bf5 4. Nh4 e6 5. Nxf5 exf5 6. c4 c6 7. Qb3 Qd7 8.
cxd5 Nxd5 9. Nc3 Nb6 10. d3 Na6 11. Be3 Nc5 12. Qc2 Be7 13. O-O Ne6 14. Bxb6
axb6 15. e3 O-O 16. d4 Nc7 17. a3 Bf6 18. Rfd1 g6 19. Na4 Ra6 20. Bf1 Nb5 21.
Bxb5 cxb5 22. Nc3 Be7 23. Qb3 Ra5 24. Rac1 Rc8 25. Nd5 Bd8 26. Rxc8 Qxc8 27.
Rd2 Qc4 28. Rd3 Qc1+ 29. Kg2 Qc6 30. Rc3 Qd7 31. Nf4 Ra4 32. Qd5 Qxd5+ 33. Nxd5
Rc4 34. Kf1 Rxc3 35. Nxc3 b4 36. axb4 Kf8 37. Ke2 Ke7 38. Kd3 Kd6 39. Kc4 Kc6
40. f3 g5 41. e4 g4 42. d5+ Kd6 43. fxg4 fxg4 44. Kd4 Bf6+ 45. Ke3 Ke5 46. Na4
Bd8 47. b3 h5 48. Nb2 Bg5+ 49. Kd3 b5 50. Nd1 Be7 51. Nc3 Bxb4 52. Nxb5 Bc5 53.
d6 Bxd6 54. Nxd6 1/2-1/2

[Event "SVM_Regionalliga_2023-24"]
[Site "?"]
[Date "2024.02.04"]
[Round "7.6"]
[White "Borriss, Claudia"]
[Black "Goßmann, Jochen"]
[Result "1-0"]
[WhiteElo "1950"]
[BlackElo "1808"]
[PlyCount "41"]
[EventDate "2024.02.04"]
[WhiteTeam "SG Siebengebirge 1"]
[BlackTeam "SG Kalker/Deutzer 1"]

1. d4 Nf6 2. Nf3 g6 3. g3 Bg7 4. Bg2 d6 5. O-O O-O 6. c4 Nc6 7. Nc3 e5 8. h3 h6
9. e4 Re8 10. Be3 exd4 11. Nxd4 Bd7 12. Qc2 a6 13. Rad1 Rb8 14. Kh2 Kh7 15.
Nxc6 bxc6 16. c5 d5 17. exd5 cxd5 18. Nxd5 Nxd5 19. Rxd5 Rxb2 20. Qd1 Rxe3 21.
Rxd7 1-0

[Event "SVM_Regionalliga_2023-24"]
[Site "?"]
[Date "2024.02.04"]
[Round "7.7"]
[White "Seewi, Joram"]
[Black "Anderton, Philip"]
[Result "1-0"]
[WhiteElo "2033"]
[BlackElo "1828"]
[PlyCount "23"]
[EventDate "2024.02.04"]
[WhiteTeam "SG Kalker/Deutzer 1"]
[BlackTeam "SG Siebengebirge 1"]

1. Nc3 d5 2. e4 d4 3. Nce2 e5 4. Ng3 h5 5. Nxh5 Qh4 6. Ng3 Nf6 7. Nf3 Qh7 8.
Bc4 Nxe4 9. Qe2 Nxg3 10. Qxe5+ Kd8 11. Ng5 Qxh2 12. Nxf7+ 1-0

[Event "SVM_Regionalliga_2023-24"]
[Site "?"]
[Date "2024.02.04"]
[Round "7.8"]
[White "Geuer, Martin"]
[Black "Prescha, Frank"]
[Result "0-1"]
[WhiteElo "1784"]
[BlackElo "2167"]
[PlyCount "36"]
[EventDate "2024.02.04"]
[WhiteTeam "SG Siebengebirge 1"]
[BlackTeam "SG Kalker/Deutzer 1"]

1. d4 d5 2. Bf4 Nf6 3. e3 c5 4. Nd2 Nc6 5. c3 e6 6. Bd3 Be7 7. Ngf3 b6 8. Qe2
Bb7 9. O-O O-O 10. Rad1 Nh5 11. Bxh7+ Kxh7 12. Ng5+ Bxg5 13. Qxh5+ Bh6 14. g4
g5 15. Nf3 f6 16. h4 Rg8 17. hxg5 fxg5 18. Be5 Qe8 0-1

[Event "SVM_Regionalliga_2023-24"]
[Site "?"]
[Date "2024.02.04"]
[Round "7.2"]
[White "Mörschbach, Udo"]
[Black "Harringer, Manfred"]
[Result "1/2-1/2"]
[WhiteElo "2066"]
[BlackElo "1978"]
[PlyCount "59"]
[EventDate "2024.02.04"]
[WhiteTeam "Klub Kölner SF 3"]
[BlackTeam "Bergische SF 1"]

1. d4 Nf6 2. Nc3 d5 3. Bf4 e6 4. e3 Bd6 5. Bg3 O-O 6. Nf3 b6 7. Ne5 Bb7 8. Bh4
Nbd7 9. f4 Be7 10. Bd3 Ne4 11. Bxe7 Qxe7 12. Qf3 f5 13. Bxe4 Nxe5 14. fxe5 fxe4
15. Qg4 Ba6 16. O-O-O Rf2 17. Rd2 Raf8 18. Rxf2 Rxf2 19. Nd1 Rf5 20. Nc3 Qf7
21. b3 h6 22. h4 Kf8 23. Re1 Ke7 24. Ne2 Bxe2 25. Rxe2 Kf8 26. Kb2 Qh5 27. Qxh5
Rxh5 28. Rf2+ Ke7 29. g3 g5 30. hxg5 1/2-1/2

[Event "SVM_Regionalliga_2023-24"]
[Site "?"]
[Date "2024.02.04"]
[Round "7.3"]
[White "Weiser, Hans-Josef"]
[Black "Meyer, Emil"]
[Result "0-1"]
[WhiteElo "1976"]
[BlackElo "2013"]
[PlyCount "78"]
[EventDate "2024.02.04"]
[WhiteTeam "Bergische SF 1"]
[BlackTeam "Klub Kölner SF 3"]

1. d4 d5 2. c4 dxc4 3. Nf3 Nf6 4. e3 e6 5. Bxc4 c5 6. O-O a6 7. a4 cxd4 8. exd4
Nc6 9. Nc3 Be7 10. Bf4 O-O 11. Rc1 Nb4 12. Qe2 Nbd5 13. Be5 Bd7 14. b3 Nxc3 15.
Rxc3 Rc8 16. Rcc1 Bc6 17. h4 h6 18. Bd3 Qd5 19. Bc2 Rfd8 20. Rfe1 {(=)} Nd7 21.
Qd3 Nf8 22. Qd2 a5 23. Re4 f6 24. Rg4 Kf7 25. Bf4 Qh5 26. Rg3 Bxf3 27. Rxf3 Bb4
28. Qe2 Qd5 29. Be3 Rc6 30. Rd1 Rc3 31. Rg3 Rdc8 32. Qg4 Rxc2 33. Qxg7+ Ke8 34.
Qxf6 Qh5 35. f3 Be7 36. Qg7 Qxh4 37. Bxh6 Qf6 38. Qg8 Qxh6 39. Rg7 Qf6 0-1

[Event "SVM_Regionalliga_2023-24"]
[Site "?"]
[Date "2024.02.04"]
[Round "7.5"]
[White "Thelen, Harm-Wulf"]
[Black "Röttgen, Jürgen"]
[Result "1-0"]
[WhiteElo "1960"]
[BlackElo "1953"]
[PlyCount "111"]
[EventDate "2024.02.04"]
[WhiteTeam "Bergische SF 1"]
[BlackTeam "Klub Kölner SF 3"]

1. c4 c6 2. d4 d5 3. Nc3 dxc4 4. a4 Nf6 5. e4 e5 6. Be3 exd4 7. Bxd4 Bb4 8.
Bxc4 O-O 9. Bxf6 Qxf6 10. Nge2 a5 11. O-O Nd7 12. f4 Nb6 13. Bb3 Be6 14. Bxe6
Bc5+ 15. Kh1 Qxe6 16. b3 Rad8 17. Qc2 Rd7 18. Rad1 Rfd8 19. Rxd7 Rxd7 20. Rd1
Rxd1+ 21. Qxd1 Qd7 22. Qxd7 {(=)} Nxd7 23. e5 Be3 24. Ne4 Nc5 25. Nxc5 Bxc5 26.
g3 Kf8 27. Kg2 Ke7 28. f5 b5 29. Kf3 bxa4 30. bxa4 Kd7 31. Ke4 Be7 32. g4 Bd8 {
(=)} 33. Nd4 h6 34. Nf3 Be7 35. h4 Bd8 36. g5 hxg5 37. hxg5 Bb6 38. g6 fxg6 39.
fxg6 Bd8 40. Kf5 c5 41. Nd2 Bh4 42. Nc4 Bd8 43. Ne3 Bh4 44. Nd5 Be7 45. Ke4 Bd8
46. Nf6+ Ke7 47. Nh5 Kf8 48. Kd5 Be7 49. Nf4 Bh4 50. Ne6+ Kg8 51. Kxc5 Be7+ 52.
Kd5 Bb4 53. Nc7 Kf8 54. Ke6 Bc3 55. Kd6 Bb4+ 56. Kd7 1-0

[Event "SVM_Regionalliga_2023-24"]
[Site "?"]
[Date "2024.02.04"]
[Round "7.6"]
[White "Graf, Peter"]
[Black "Gutt, Oswald"]
[Result "1-0"]
[WhiteElo "1909"]
[BlackElo "1761"]
[PlyCount "109"]
[EventDate "2024.02.04"]
[WhiteTeam "Klub Kölner SF 3"]
[BlackTeam "Bergische SF 1"]

1. e4 e5 2. Nf3 d6 3. d4 exd4 4. Nxd4 Nf6 5. Nc3 Be7 6. Bg5 O-O 7. Nf5 Bxf5 8.
exf5 c6 9. Qf3 Nbd7 10. O-O-O d5 11. g4 Ne4 12. Bxe7 Qxe7 13. Nxe4 dxe4 14. Qe3
Rfe8 15. Bg2 Nf6 16. g5 Nd5 17. Qg3 Qc5 18. g6 hxg6 19. fxg6 fxg6 20. Rhe1 Nf6
21. Re3 Qa5 22. a3 Rad8 23. Rxd8 Rxd8 24. Bxe4 Qd2+ 25. Kb1 Qd1+ 26. Ka2 Nxe4
27. Rxe4 Qd5+ {(=)} 28. Qb3 Qxb3+ 29. Kxb3 Kf7 30. Kc3 g5 31. h3 Rh8 32. Re3
Rh4 33. Rd3 Ke7 34. Kd2 Ke6 35. Ke2 Rf4 36. Re3+ Kd6 37. Re8 Rf7 38. Kf1 b5 39.
Kg2 a5 40. Kg3 Kd5 41. f3 a4 42. Re3 Rf4 43. Re7 g6 44. Re4 Rf6 45. Kg4 c5 46.
Re3 b4 47. Kxg5 Rb6 48. h4 c4 49. axb4 Rxb4 50. Kxg6 c3 51. Rxc3 Rxh4 52. Rd3+
Ke5 53. c3 Rh1 54. Rd4 Rb1 55. f4+ 1-0

[Event "SVM_Regionalliga_2023-24"]
[Site "?"]
[Date "2024.02.04"]
[Round "7.7"]
[White "Eilers, Jochen"]
[Black "Richter, Götz"]
[Result "1/2-1/2"]
[WhiteElo "1899"]
[BlackElo "1896"]
[PlyCount "53"]
[EventDate "2024.02.04"]
[WhiteTeam "Bergische SF 1"]
[BlackTeam "Klub Kölner SF 3"]

1. e4 c5 2. Nc3 Nc6 3. g3 g6 4. Bg2 Bg7 5. d3 d6 6. Be3 e6 7. Qd2 Rb8 8. Nge2
Nd4 9. O-O b5 10. Nd1 b4 11. Nc1 Ne7 12. c3 bxc3 13. bxc3 Ndc6 14. Bh6 O-O 15.
Bxg7 Kxg7 16. Ne3 f5 17. Ne2 Bd7 18. f4 Qc7 19. d4 cxd4 20. cxd4 Qa5 21. Rfd1
Qxd2 22. Rxd2 fxe4 23. Bxe4 d5 24. Bg2 Rb4 25. Rad1 Rf6 26. Nc3 Nc8 27. Bh3 {
(=)} 1/2-1/2

[Event "SVM_Regionalliga_2023-24"]
[Site "?"]
[Date "2024.02.04"]
[Round "7.8"]
[White "Ye, Philipp"]
[Black "Müller, Andreas"]
[Result "1-0"]
[WhiteElo "1793"]
[BlackElo "1775"]
[PlyCount "43"]
[EventDate "2024.02.04"]
[WhiteTeam "Klub Kölner SF 3"]
[BlackTeam "Bergische SF 1"]

1. d4 d5 2. Bf4 Nf6 3. e3 e6 4. Nd2 c5 5. Ngf3 Nc6 6. c3 Bd6 7. Bg3 O-O 8. Bd3
b6 9. e4 dxe4 10. Nxe4 Be7 11. dxc5 bxc5 12. Qe2 Bb7 13. Nxf6+ Bxf6 14. h4 Ne7
15. O-O-O Qa5 16. Kb1 Bxf3 17. Qxf3 Nd5 18. Rc1 Qb6 19. Be4 Rad8 20. h5 a5 21.
h6 Rb8 22. Bxh7+ 1-0

[Event "SVM_Regionalliga_2023-24"]
[Site "?"]
[Date "2024.03.03"]
[Round "8.1"]
[White "Pieper, Dawid"]
[Black "Nikolov, Rumen"]
[Result "0-1"]
[WhiteElo "2152"]
[BlackElo "2306"]
[PlyCount "108"]
[EventDate "2024.03.03"]
[WhiteTeam "Bergische SF 1"]
[BlackTeam "Satranç Club 1"]

1. e4 c5 2. Nf3 Nc6 3. Bb5 e6 4. O-O Nge7 5. b3 a6 6. Bxc6 Nxc6 7. Bb2 d6 8. d4
cxd4 9. Nxd4 Bd7 10. c4 Be7 11. Nc3 O-O 12. Qd2 Qb6 13. Rad1 Rfd8 14. Rfe1 Rac8
15. Nxc6 Bxc6 16. Nd5 Bxd5 17. Bd4 Qc7 18. exd5 e5 19. Qe3 Re8 20. Bb6 Qd7 21.
a4 Bd8 22. Rc1 a5 23. h3 Bxb6 24. Qxb6 Rc5 25. Qa7 Qc7 26. Rc2 b6 27. Qxc7 Rxc7
28. f4 Rce7 29. Rce2 f6 30. f5 Kf7 31. Kf2 g6 32. fxg6+ hxg6 33. Ke3 f5 34. Rb2
Rc7 35. Rc1 Ke7 36. b4 Ra8 37. bxa5 Rxa5 38. Rxb6 Rxd5 39. cxd5 Rxc1 40. Rb7+
Kf6 41. Rd7 f4+ 42. Kf3 Rc3+ 43. Kf2 Rc2+ 44. Kf3 Rc3+ 45. Kf2 e4 46. Rxd6+ Ke5
47. Rxg6 Rc2+ 48. Ke1 Kxd5 49. a5 Kd4 50. a6 Ke3 51. Kd1 Ra2 52. h4 Kf2 53. Rf6
f3 54. gxf3 e3 0-1

[Event "SVM_Regionalliga_2023-24"]
[Site "?"]
[Date "2024.03.03"]
[Round "8.2"]
[White "Al Soliman, Osama"]
[Black "Bosbach, Stefan"]
[Result "0-1"]
[WhiteElo "1931"]
[BlackElo "2010"]
[PlyCount "78"]
[EventDate "2024.03.03"]
[WhiteTeam "Satranç Club 1"]
[BlackTeam "Bergische SF 1"]

1. d4 c5 2. c3 e6 3. Nf3 Nf6 4. Bg5 d5 5. Nbd2 Nc6 6. e3 Bd7 7. Be2 cxd4 8.
exd4 Be7 9. O-O O-O 10. Ne5 Ne8 11. Bxe7 Qxe7 12. f4 Nd6 13. Bd3 f5 14. Ndf3
Be8 15. Nxc6 bxc6 16. Ne5 Rb8 17. b4 Rf6 18. g4 h6 19. g5 hxg5 20. fxg5 Rf8 21.
h4 g6 22. Rf3 Kg7 23. Qe1 Rb7 24. Rc1 Rh8 25. Rc2 Rh5 26. Rh2 Kg8 27. Rfh3 Rh7
28. Be2 Ne4 29. Bf3 Qd8 30. Qe3 a5 31. a3 Ra7 32. Bxe4 dxe4 33. h5 axb4 34.
hxg6 Rxh3 35. Rxh3 bxa3 36. Rh8+ Kxh8 37. Qh3+ Kg8 38. Nf7 Rxf7 39. gxf7+ Bxf7
0-1

[Event "SVM_Regionalliga_2023-24"]
[Site "?"]
[Date "2024.03.03"]
[Round "8.3"]
[White "Gelsok, Philipp"]
[Black "Proba, Stefan"]
[Result "1-0"]
[WhiteElo "2044"]
[BlackElo "1895"]
[PlyCount "53"]
[EventDate "2024.03.03"]
[WhiteTeam "Bergische SF 1"]
[BlackTeam "Satranç Club 1"]

1. e4 c6 2. d4 d5 3. e5 Bf5 4. h4 h5 5. Bg5 Qb6 6. Bd3 Bxd3 7. Qxd3 e6 8. Nd2
c5 9. c4 Qxb2 10. Rd1 Qxd4 11. Qb3 Qxe5+ 12. Ne2 Qc7 13. cxd5 e5 14. d6 Qd7 15.
f4 Nc6 16. fxe5 Nxe5 17. O-O f6 18. Ne4 b6 19. Rxf6 O-O-O 20. Qd5 Kb8 21. Nxc5
Qc6 22. Na6+ Kb7 23. Qxc6+ Nxc6 24. Rf7+ Kxa6 25. Bxd8 Nxd8 26. Rxf8 Ne6 27. d7
1-0

[Event "SVM_Regionalliga_2023-24"]
[Site "?"]
[Date "2024.03.03"]
[Round "8.4"]
[White "Langen, Dirk"]
[Black "Harringer, Manfred"]
[Result "0-1"]
[WhiteElo "1759"]
[BlackElo "1978"]
[PlyCount "64"]
[EventDate "2024.03.03"]
[WhiteTeam "Satranç Club 1"]
[BlackTeam "Bergische SF 1"]

1. c4 Nf6 2. Nc3 e6 3. e3 d5 4. d4 Bb4 5. Bd2 O-O 6. Nf3 b6 7. a3 Be7 8. b4 c5
9. bxc5 bxc5 10. cxd5 cxd4 11. Nxd4 Nxd5 12. Be2 Bb7 13. O-O Nd7 14. f4 N7f6
15. Bf3 Rc8 16. Qe1 Ba6 17. Rf2 Nxf4 18. Nc6 Rxc6 19. Bxc6 Nd3 20. Qf1 Nxf2 21.
Qxf2 Ng4 22. Qe1 Qd6 23. Bb5 Qxh2+ 24. Kf1 Bxb5+ 25. Nxb5 Qh1+ 26. Ke2 Qxg2+
27. Kd1 Nf2+ 28. Kc2 Qe4+ 29. Kb3 Qd5+ 30. Ka4 Qc4+ 31. Bb4 Qc2+ 32. Ka5 Bd8+
0-1

[Event "SVM_Regionalliga_2023-24"]
[Site "?"]
[Date "2024.03.03"]
[Round "8.5"]
[White "Weiser, Hans-Josef"]
[Black "Rublack, Valentin"]
[Result "0-1"]
[WhiteElo "1976"]
[BlackElo "1647"]
[PlyCount "108"]
[EventDate "2024.03.03"]
[WhiteTeam "Bergische SF 1"]
[BlackTeam "Satranç Club 1"]

1. d4 d5 2. c4 c6 3. Nc3 Nf6 4. Nf3 g6 5. e3 Bg7 6. Bd3 O-O 7. b3 Nbd7 8. Bb2
b6 9. cxd5 cxd5 10. O-O Bb7 11. Qb1 Rc8 12. b4 a6 13. a4 Ne8 14. b5 a5 15. Qa2
Nef6 16. Rac1 Re8 17. Rfd1 Rc7 18. Rc2 Qa8 19. Rdc1 Rec8 20. Ba3 Bf8 21. Nd2
Ne8 22. Nf3 Nd6 23. Bxd6 exd6 24. Ne2 Qb8 25. Nc3 Nf6 26. Nd2 Bh6 27. h3 Re8
28. Qb1 Qc8 29. Nce4 dxe4 30. Rxc7 Qb8 31. Be2 Nd5 32. R7c4 Nxe3 33. fxe3 Bxe3+
34. Kh1 Bxd2 35. Rf1 d5 36. Rc2 Be3 37. Qd1 Qg3 38. Qe1 Qxe1 39. Rxe1 Bxd4 40.
Rc7 Ba8 41. Rec1 Bc5 42. R1xc5 bxc5 43. b6 d4 44. Bc4 Kh8 45. Bxf7 Rd8 46. Rxc5
d3 47. Bb3 Re8 48. Bc4 d2 49. Be2 e3 50. Rxa5 Be4 51. b7 Bxb7 52. Ra7 Be4 53.
Rd7 Ra8 54. Rd4 Bc2 0-1

[Event "SVM_Regionalliga_2023-24"]
[Site "?"]
[Date "2024.03.03"]
[Round "8.7"]
[White "Thelen, Harm-Wulf"]
[Black "Altok, Mesut"]
[Result "0-1"]
[WhiteElo "1960"]
[BlackElo "2018"]
[PlyCount "86"]
[EventDate "2024.03.03"]
[WhiteTeam "Bergische SF 1"]
[BlackTeam "Satranç Club 1"]

1. c4 Nf6 2. Nc3 e5 3. g3 h5 4. h4 d5 5. cxd5 Nxd5 6. Bg2 Be6 7. d3 Nc6 8. Nh3
Be7 9. Ng5 Bxg5 10. Bxg5 f6 11. Bd2 Nce7 12. Ne4 b6 13. b4 Qd7 14. a4 c6 15. a5
Kf7 16. Ra3 Nc7 17. f4 Nb5 18. Ra1 exf4 19. Bxf4 Qd4 20. Bd2 Nd5 21. Rf1 Ke7
22. Rb1 Rac8 23. Qc1 Kd7 24. Rb3 Qe5 25. Qb2 Qc7 26. d4 Rce8 27. Rf2 Re7 28.
Kf1 Rhe8 29. Bf3 Bh3+ 30. Kg1 Rxe4 31. Bxe4 Rxe4 32. Kh2 Bg4 33. e3 Kc8 34. Qb1
f5 35. Qc1 Kb7 36. Rb2 g5 37. hxg5 h4 38. Rg2 Bf3 39. Be1 Nxe3 40. Rgc2 Nxd4
41. a6+ Kc8 42. Rc3 hxg3+ 43. Kg1 Rh4 0-1

[Event "SVM_Regionalliga_2023-24"]
[Site "?"]
[Date "2024.03.03"]
[Round "8.8"]
[White "Jarszyk, Thomas"]
[Black "Gutt, Oswald"]
[Result "1/2-1/2"]
[WhiteElo "1603"]
[BlackElo "1761"]
[PlyCount "54"]
[EventDate "2024.03.03"]
[WhiteTeam "Satranç Club 1"]
[BlackTeam "Bergische SF 1"]

1. d4 Nf6 2. Nf3 g6 3. Bf4 d5 4. e3 Bg7 5. Nbd2 O-O 6. Be2 b6 7. Ne5 Bb7 8. c3
Nbd7 9. Ndf3 c5 10. h3 Ne4 11. Qc2 Rc8 12. Qa4 Nxe5 13. Nxe5 a6 14. Qd7 Bxe5
15. Qxd8 Rfxd8 16. Bxe5 f6 17. Bf4 c4 18. O-O g5 19. Bh2 Rc6 20. Rfd1 b5 21. f3
Nd6 22. Bxd6 Rcxd6 23. f4 Rb6 24. fxg5 fxg5 25. Rf1 Rf8 26. Rxf8+ Kxf8 27. Rf1+
Rf6 1/2-1/2

[Event "SVM_Regionalliga_2023-24"]
[Site "?"]
[Date "2024.03.03"]
[Round "8.1"]
[White "Klemenz, Luca"]
[Black "Riemland, Arnold"]
[Result "1-0"]
[WhiteElo "2041"]
[BlackElo "2151"]
[PlyCount "89"]
[EventDate "2024.03.03"]
[SourceDate "2024.03.03"]
[WhiteTeam "Klub Kölner SF 3"]
[BlackTeam "SG Kalker/Deutzer 1"]

1. d4 d5 2. c4 e6 3. Nf3 Nf6 4. g3 Be7 5. Bg2 c6 6. Qc2 O-O 7. O-O b6 8. b3 Bb7
9. Rd1 Nbd7 10. Nc3 Rc8 11. e4 dxe4 12. Nxe4 c5 13. Nxf6+ Bxf6 14. Ng5 Bxg5 15.
Bxb7 Rc7 16. Be4 f5 17. Bg2 cxd4 18. Bxg5 Qxg5 19. Rxd4 e5 20. Rd5 Qe7 21. Re1
g6 22. Qb2 h6 23. Red1 Kh7 24. Qd2 Nf6 25. Rd6 {(=)} Rf7 26. a4 Kg7 27. a5 Rd7
28. axb6 axb6 29. Bc6 Ra7 30. Qb4 Qc7 31. Bd5 Nxd5 32. R1xd5 f4 33. Qc3 f3 34.
Rxe5 Kh7 35. Re8 Rg7 36. Rdd8 Qxd8 37. Rxd8 Raf7 38. Qd3 h5 39. h3 Rf6 40. Rd7
Kh6 41. Rxg7 Kxg7 42. b4 g5 43. c5 g4 44. hxg4 hxg4 45. Qd7+ 1-0